00247nam a22000977a 4500020001800000041000800018082001600026245003200042260006700074300000800141 a9788192798240 aENG a181.07bKAZ aIslamic Thought and Culture aAligarh, U.P., India,b National Printers and Publishersc2020 a311